Statistics for Drake & Josh Trivia

Click here to take the quiz!

General Stats

  • This quiz has been taken 30 times
    (9 since last reset)
  • The average score is 30 of 60

Answer Stats

HintAnswer% Correct
Manager of the movie theaterHelen Dubois
100%
What is Josh's last name?Nichols
100%
What is Drake's last name?Parker
100%
Unstable movie theater employeeCrazy Steve
89%
Megan's nickname for Drake and JoshBoobs
78%
Drake and Josh's nerd friendsCraig and Eric
78%
What color vest does the assistant manager wear at the movie theater?Gold
78%
Josh's academic rival turned loverMindy Crenshaw
78%
What celebrity did Josh accidently runover with his car?Oprah
78%
In "The Bet", what color did Drake and Josh dye their hair?Pink
78%
Movie theater where Josh worksPremier Movie Theater
78%
"You calling me a liar?" "I ain't calling you a _______!"Truther
78%
What was the color of the dune buggy?Yellow
78%
Orangutan that Drake boughtBobo
67%
Rival weatherman that Walter hatesBruce Winchell
67%
Color gummy bears that above hatesGreen
67%
What animal was Megan's pet that Josh thought he killed with a camera flash?Hamster
67%
What instrument does Megan play?Oboe
67%
What ingredient got Drake and Josh disqualified from the salsa-making contest?Peruvian Puff Pepper
67%
Grammy's gift to Josh that was luckyUgly Shirt
67%
What spice is Walter allergic to?Cumin
56%
Josh's new friend that Drake is jealous ofDrew
56%
What movie theater worker has a crush on Drake's mom?Gavin
56%
Name of the tow truck man that Drake makes fun of in "The Wedding"Leslie
56%
English teacher that hates DrakeMrs. Hayfer
56%
Josh's alter ego when he writes for the school paperMs. Nancy
56%
What did Drake, Josh, and Megan accidentally blow up with a model rocket?Neighbors Treehouse
56%
What were Drake and Josh trying to win by entering the salsa-making contestNew Plasma TV
56%
Sport that Josh is good atPool
56%
Instrument that the above playedSaxophone
56%
Criminal that Josh portrayed in a TV show reenactmentTheater Thug
56%
Name of the rollercoaster that Drake and Josh keep getting thrown out of line ofThe Demonator
56%
What is the name of Megan's sheep?Baaaaaaaaab
44%
Gaming console that Josh's grandmother gifted himGame Sphere
44%
What show did Helen star in as a child?Happy Times
44%
What did Drake and Josh want from the above after she diedHer Beach House
44%
Dr. Phyllis' daughter who, according to Drake, is the worst kisser everHot Liza
44%
Drake's unintelligent friendTrevor
44%
What object did Josh drop on his foot in "Paging Dr. Drake"?A barbell
33%
Josh's fake ID name in "Steered Straight"Alvin Yakitori
33%
Spoiled child actress who gets hit in the head with a bucketAshley Blake
33%
"Don't beat that boy with a ______!"Banana
33%
P.F. Chang's parody restaurantB.F. Wang's
33%
Drake's fake ID name in "Steered Straight"Jefferson Steelflex
33%
"You need a car? You need a truck? You need a van? Come see ____ the car man!"Stan
33%
English teacher's Rottweiler that trapped Drake, Josh, and the animal control guy?Tiberius
33%
What is the name of Drake's favorite band?Zero Gravity
33%
Name of the school Drake and Josh attendBelleview High School
22%
Drake loves music, while Josh loves...Cheese
22%
What is Josh's magic word?Joshakazaam
22%
Drake's inappropriately laughing ex-girlfriendKelly Hayfer
22%
Yudonian girl that Drake accidentally marriesYooka
22%
Drake and Josh's rude great aunt that gets married in "The Wedding"Aunt Catherine
11%
Criminal that stole a police car with Drake and Josh in itBlaze
11%
What did Megan put in Josh's brownie mix that made the football team sick?Dirt
11%
What was the name of the fake show that stole Drake and Josh's furniture?"Pimp My Room"
11%
Name of the janitor that pretended to be Josh during a football gameZeke Braxton
11%
Football coach that wanted to be a singerCoach Davis
0%
Supermodel that came to Drake and Josh's house in "Megan's Revenge"Diana Vosh
0%
Magazine that Walter Nichols is always readingFancy Cat Magazine
0%

Score Distribution

Percentile by Number Answered

Percent of People with Each Score

Your Score History

You have not taken this quiz since the last reset